| 000 | 00330nam a22001337a 4500 | ||
|---|---|---|---|
| 020 | _a978120417328 | ||
| 082 |
_a574.187 _bCHA/IN |
||
| 100 |
_aChawla H.S. _91253 |
||
| 245 | _aIntroduction to Plant Biotechnology | ||
| 250 | _a3 | ||
| 260 |
_aNew Delhi _bOxford & IBH Publishing Co. Pvt. Ltd _c2012 |
||
| 300 | _a698 | ||
| 942 | _cBBS | ||
| 999 |
_c14717 _d14717 |
||